| 000 | 01101nam a22003257a 4500 | ||
|---|---|---|---|
| 001 | 0003352 | ||
| 003 | KOHA_MİRAKIL | ||
| 005 | 20260207001334.0 | ||
| 007 | ta | ||
| 008 | 090326b2004 tu |||gr||||#||||0|tur | | ||
| 020 | _a9757076414 | ||
| 040 |
_aTR-BiSEU _btur _cTR-BiSEU _erda |
||
| 041 | 0 | _atur | |
| 044 | _ctu | ||
| 050 |
_aBL782 _b.K64 2004 |
||
| 100 | 1 | _aKöhlmeier, Michael. | |
| 240 | 1 | 0 |
_aMichael Köhlmeiers Sagen des klassicshen altertums _lTürkçe |
| 245 | 1 |
_aTanrıların masalları : _bmitolojinin öyküsü = _bMichael Köhlmeiers Sagen des klassicshen altertums/ _cMichael Köhlmeier ; Michael Köhlmeier; çeviren Atilla Dirim. |
|
| 264 | 1 |
_aAnkara : _bYurt Kitap-Yayın _c2004 |
|
| 300 | _a466 sayfa: resimli | ||
| 336 |
_ametin _btxt _2rdacontent |
||
| 337 |
_aaracısız _bn _2rdamedia |
||
| 338 |
_acilt _bnc _2rdacarrier |
||
| 490 | 1 |
_aYurt kitap-yayın ; _v112. |
|
| 490 | 1 |
_aTarihi romanlar dizisi ; _v20. |
|
| 650 | 0 |
_aYunan mitolojisi. _98360 |
|
| 830 | 1 |
_aYurt kitap-yayın ; _v112. _98361 |
|
| 830 | 1 |
_aTarihi romanlar dizisi ; _v20. _96711 |
|
| 942 |
_2lcc _cBK |
||
| 999 |
_c3336 _d3336 |
||